[Event "BCF-chT3 0405 (4NCL)"]
[Site "Telford"]
[Date "2005.02.26"]
[Round "5.4"]
[White "Singleton, Michael Peter F"]
[Black "Moskovic, David M"]
[Result "1-0"]
[WhiteElo "2126"]
[BlackElo "2284"]
[PlyCount "59"]
[EventDate "2004.11.06"]
[EventType "team"]
[EventRounds "11"]
[EventCountry "ENG"]
[SourceTitle "EXT 2006"]
[Source "ChessBase"]
[SourceDate "2005.11.24"]
[SourceVersion "1"]
[SourceVersionDate "2005.11.24"]
[SourceQuality "1"]
[WhiteTeam "Guildford III"]
[BlackTeam "Cambridge"]
[WhiteTeamCountry "ENG"]
[BlackTeamCountry "ENG"]

1. d4 Nf6 2. c4 g6 3. Nc3 Bg7 4. e4 d6 5. Be2 0-0 6. Bg5 Na6 7. Qd2 e5 8. d5 Qe8 9. h4 Nc5 10. f3 Nh5 11. g4 Nf4 12. Nh3 f5 13. Nxf4 exf4 14. gxf5 gxf5 15. Rg1 Kh8 16. Bxf4 fxe4 17. Rxg7 Nd3+ 18. Bxd3 exd3+ 19. Ne4 Kxg7 20. 0-0-0 Rxf4 21. Qxf4 Qg6 22. h5 Qf5 23. Rg1+ Kh8 24. Qh6 Qf7 25. Qe3 Qe7 26. Qd4+ Qe5 27. Ng5 Kg8 28. Ne6+ Kh8 29. Nd8 d2+ 30. Kd1 1-0

[Event "Portsmouth op"]
[Site "Portsmouth"]
[Date "2003.02.22"]
[Round "3"]
[White "Lock, Gavin R"]
[Black "Singleton, Michael Peter F"]
[Result "0-1"]
[WhiteElo "2120"]
[BlackElo "2126"]
[PlyCount "76"]
[EventDate "2003.02.21"]
[EventType "swiss"]
[EventRounds "6"]
[EventCountry "ENG"]
[SourceTitle "EXT 2004"]
[Source "ChessBase"]
[SourceDate "2003.11.25"]
[SourceVersion "1"]
[SourceVersionDate "2003.11.25"]
[SourceQuality "1"]

1. Nf3 c5 2. e4 Nc6 3. Bb5 g6 4. 0-0 Bg7 5. Re1 Nf6 6. e5 Nd5 7. Nc3 Nc7 8. Bxc6 dxc6 9. Ne4 Ne6 10. d3 0-0 11. h3 b6 12. a4 Qc7 13. Ng3 Rd8 14. Qe2 Nd4 15. Nxd4 cxd4 16. f4 Rd5 17. Bd2 Be6 18. Ne4 Rad8 19. Qf2 h6 20. g4 Bc8 21. Re2 c5 22. b3 Qc6 23. Rf1 Rf8 24. Qh4 Qd7 25. Qe1 Qc6 26. Ng3 Bb7 27. Kh2 Kh7 28. f5 Rxe5 29. fxg6+ fxg6 30. Rxf8 Bxf8 31. Ne4 g5 32. h4 Kg8 33. hxg5 hxg5 34. Bxg5 Bg7 35. Bf4 Re6 36. Ng3 Qf3 37. Qf2 Rxe2 38. Qxe2 Qxf4 0-1

[Event "Portsmouth op"]
[Site "Portsmouth"]
[Date "2003.02.22"]
[Round "4"]
[White "Singleton, Michael Peter F"]
[Black "Crouch, Colin S"]
[Result "0-1"]
[WhiteElo "2126"]
[BlackElo "2388"]
[PlyCount "98"]
[EventDate "2003.02.21"]
[EventType "swiss"]
[EventRounds "6"]
[EventCountry "ENG"]
[SourceTitle "EXT 2004"]
[Source "ChessBase"]
[SourceDate "2003.11.25"]
[SourceVersion "1"]
[SourceVersionDate "2003.11.25"]
[SourceQuality "1"]

1. d4 Nf6 2. c4 e6 3. Nc3 Bb4 4. e3 b6 5. Nge2 Ne4 6. f3 Nxc3 7. bxc3 Be7 8. e4 0-0 9. Ng3 c5 10. Bd3 d6 11. 0-0 e5 12. f4 cxd4 13. cxd4 exd4 14. Qh5 Na6 15. Bb2 Nc5 16. Rad1 Bf6 17. Ne2 Nxd3 18. Rxd3 Qe7 19. Ng3 g6 20. Qd1 Be6 21. Bxd4 Bxc4 22. Bxf6 Qxf6 23. Rxd6 Qe7 24. Rf3 Rad8 25. e5 Rxd6 26. exd6 Qe6 27. f5 Qe5 28. Rf2 Rd8 29. fxg6 hxg6 30. Rd2 Rd7 31. Nh1 f5 32. Nf2 Kf7 33. h4 Ke6 34. Qc2 b5 35. a4 a6 36. axb5 axb5 37. h5 gxh5 38. Qd1 h4 39. Nh3 Rxd6 40. Ng5+ Kd7 41. Nf3 Qe3+ 42. Kh2 Rxd2 43. Qxd2+ Qxd2 44. Nxd2 Ke6 45. Kh3 Ke5 46. Kxh4 Kf4 47. Nf3 b4 48. Nd4 b3 49. g3+ Ke4 0-1